1577 1361 1090 1564 1320 1054 1119 1367 1115 1415 1680 1389 1678 1057 1865 1785 1674 1878 1238 1286 1433 1829 1199 1838 1381 1503 1883 1143 1641 1954 1358 1947 1883 1796 1266 1681 1423 1252 1704 1938 1342 1145 1333 1786 1490 1479 1477 1881 1251 1481 1759 1216 1671 1805 1557 1459 1183 1124 1893 1491 1649 1231 1396 1486 1789 1164 1128 1731 1849 1173 1278 1305 1235 1978 1340 1511 1438 1115 1855 1481 1568 1191 1025 1496 1458 1279 1301 1196 1014 1664 1642 1344 1917 1915 1059 1415 1040 1325 1529 BCNSPRNW ULIB Ver.6.0+V

เปลี่ยนเป็นภาษาไทย

Change to English
 แสดงรายละเอียดบรรณานุกรม
  กลับหน้าหลัก

Brief Record : Get Marc (ISO 2709) : E-mail record : QR code < ปิดหน้าต่าง
LEADER : 00000nam 2200000uu 4500
001    13399113445
003     ULIB
008    110627s2551||||th 000 0 tha d
020    9789749753866
090    นว.^bส222ร 2551
100 0  สปาร์เก็ตตี้
245 00 ปาฏิหาริย์พรหมลิขิตรัก/^cสปาร์เก็ตตี้
250    พิมพ์ครั้งที่ 1
260    กรุงเทพฯ :^bSugar rian,^c2551
300    222 หน้า
710 1  Sugar rian
945    ^p159^l0^i024675
995    ทศพร
999 ^a ใช้งานได้ทุกระบบ
รายการนี้ยังไม่มีแท็ก
คุณยังไม่ได้ล็อกอิน คุณสามารถมีกิจกรรมร่วมกับเว็บไซต์ได้ แต่ต้องล็อกอินก่อน ::
  ล็อกอิน

รายการสื่อสารสนเทศ

ลำดับที่ ประเภท เลขเรียก/บาร์โค้ด สถานที่ สถานะ
1. นวนิยาย
นวนิยาย
นว. ส222ร 2551 ฉ.1 
  Barcode: 024675
ห้องสมุดวิทยาเขตสวรรค์ประชารักษ์
►นวนิยาย
บนชั้น
  ขอยืม

BibComment


ยังไม่เคยถูกคอมเมนท์

คอมเมนท์ทรัพยากรรายการนี้
  คอมเมนท์: ปาฏิหาริย์พรหมลิข..


 Copyright 2026. Bcnsprnw @Library